000 00299nam a22001337a 4500
008 171024b xxu||||| |||| 00| 0 eng d
020 _a9780256086133
041 _aeng
080 _a311
100 _a55
101 _aSTA
245 _aCOMPLETE BUSINESS STATISTICS
_cACZEL.A.D
942 _2udc
_cBK
999 _c35695
_d35695